Pokémon - Les attaques de Camérupt - Statistiques

Statistiques générales
  • Ce quiz a été pris 25 fois
  • Le résultat moyen est 12 sur 16
Statistiques - réponses
Niveaux Types Noms des attaques % Correct
Départ Normal Charge
100%
Départ Niveau 8 Feu Flammèche
100%
Niveau 46 Sol Séisme
100%
Niveau 12 Sol Ampleur
93%
Départ Niveau 59 Sol Abîme
87%
Niveau 31 Normal Bélier
87%
Départ Évolution Roche Éboulement
87%
Départ Niveau 52 Feu Éruption
87%
Niveau Normal Rugissement
87%
Niveau 29 Spectre Malédiction
80%
Niveau 26 Sol Telluriforce
80%
Niveau 22 Feu Ébullilave
73%
Niveau 15 Feu Rebondifeu
67%
Niveau 19 Psy Amnésie
60%
Niveau 39 Normal Bâillement
27%
Départ Niveau 8 Normal Puissance
20%
Aucun quiz correspondant
Distribution des résultats
% des personnes avec chaque résultat
Percentile par nombre de réponses
Votre historique - résultats
Vous n’avez pas pris ce quiz